Statistiken für Komische Airport Codes

Klicken Sie hier um das Quiz zu spielen!

Allgemein

  • Dieses Quiz wurde 8 mal gespielt
  • Das Durchschnittsergebnis liegt bei 4 aus 45

Antwortstatistiken

HintAntwort% Korrekt
Ho Chi Minh CitySGN
38%
AlbaceteABC
25%
NachvilleBNA
25%
XiamenXMN
25%
Belet - SomaliaAAA
13%
BodoBOO
13%
Washington BaltimoreBWI
13%
BrazzavilleBZV
13%
ConakryCKY
13%
CharlotteCLT
13%
CochinCOK
13%
CotonouCOO
13%
ChengduCTU
13%
KinshasaFIH
13%
FortalezaFOR
13%
FukuokaFUK
13%
HangzhouHGH
13%
LuandaLAD
13%
LomeLFW
13%
ChennaiMAA
13%
New OrleansMSY
13%
NouakchottNKC
13%
YaoundeNSI
13%
OuagadougouOUA
13%
St Denis De La ReunionRUN
13%
SharjahSHJ
13%
SurabayaSUB
13%
Sioux CitySUX
13%
OttawaYOW
13%
BaghdadBGW
0%
BujumburaBJM
0%
Belo HorizonteCNF
0%
CincinnatiCVG
0%
YerevanEVN
0%
ElazigEZS
0%
FlorianopolisFLN
0%
Borg El ArabHBE
0%
Tampa St PetersburgPIE
0%
TahitiPPT
0%
MonroviaROB
0%
LouisvilleSDF
0%
SantaremSTM
0%
ZaragozaZAZ
0%
Bella Bella (CA)ZEL
0%
MzuzuZZU
0%

Verteilung der Resultate

Perzentil nach korrekt beantworteten Fragen

Anzahl Personen mit jedem Resultat

Ihre Resultats-Entwicklung

Sie haben dieses Quiz noch nicht gespielt